[Event "Thailand op"]
[Site "Chiangmai"]
[Date "2023.07.03"]
[Round "8"]
[White "Dinh, Nho Kiet"]
[Black "Dang, Anh Minh"]
[Result "1/2-1/2"]
[WhiteElo "2264"]
[BlackElo "2080"]
[PlyCount "84"]
[EventDate "2023.06.28"]
[EventType "swiss"]
[EventRounds "9"]
[EventCountry "THA"]
[SourceTitle "CBM 215 Extra"]
[Source "ChessBase"]
[SourceDate "2023.09.30"]
[SourceVersion "1"]
[SourceVersionDate "2023.09.30"]
[SourceQuality "1"]

1. d4 Nf6 2. c4 e6 3. Nc3 Bb4 4. e3 0-0 5. Nge2 d5 6. a3 Be7 7. cxd5 exd5 8. Nf4 c6 9. Bd3 Bd6 10. 0-0 Re8 11. f3 Bxf4 12. exf4 b6 13. f5 Ba6 14. Bxa6 Nxa6 15. Qa4 Nb8 16. Bf4 b5 17. Qc2 Nbd7 18. g4 a5 19. Qd3 Nb6 20. a4 Nxa4 21. Nxa4 bxa4 22. Rxa4 Qb6 23. b3 c5 24. dxc5 Qxc5+ 25. Kh1 Qb6 26. Bd2 h6 27. g5 hxg5 28. Bxg5 Rab8 29. Rg1 Nh7 30. Rag4 Qxb3 31. Qxb3 Rxb3 32. Bh6 Nf6 33. Rxg7+ Kf8 34. Rxf7+ Kxf7 35. Rg7+ Kf8 36. Rb7+ Kg8 37. Rxb3 Ra8 38. Rb6 Ne8 39. Bc1 a4 40. Ba3 Rc8 41. Bb2 Ra8 42. Re6 a3 1/2-1/2

[Event "Hanoi op 12"]
[Site "Hanoi"]
[Date "2022.??.??"]
[Round "6"]
[White "Dinh, Nho Kiet"]
[Black "Dang, Anh Minh"]
[Result "1/2-1/2"]
[WhiteElo "1977"]
[BlackElo "2144"]
[PlyCount "51"]
[EventDate "2022.12.11"]
[EventType "swiss"]
[EventRounds "9"]
[EventCountry "VIE"]
[SourceTitle "CBM 211 Extra"]
[Source "ChessBase"]
[SourceDate "2023.01.31"]
[SourceVersion "1"]
[SourceVersionDate "2023.01.31"]
[SourceQuality "1"]

1. d4 Nf6 2. c4 e6 3. Nc3 Bb4 4. e3 0-0 5. Nge2 d5 6. a3 Be7 7. Nf4 c6 8. Bd3 Nbd7 9. cxd5 exd5 10. 0-0 Re8 11. f3 Nb6 12. Kh1 c5 13. Bc2 Bd6 14. Nb5 Bxf4 15. exf4 a6 16. dxc5 axb5 17. cxb6 Qxb6 18. Bd3 d4 19. Qb3 Be6 20. Qxb5 Qxb5 21. Bxb5 Rec8 22. Rd1 Bc4 23. Bxc4 Rxc4 24. b3 Rc3 25. Bb2 Rxb3 26. Bxd4 1/2-1/2

[Event "Hanoi op 12"]
[Site "Hanoi"]
[Date "2022.??.??"]
[Round "4"]
[White "Pham, Tran Gia Phuc"]
[Black "Dang, Anh Minh"]
[Result "1-0"]
[WhiteElo "2011"]
[BlackElo "2144"]
[PlyCount "121"]
[EventDate "2022.12.11"]
[EventType "swiss"]
[EventRounds "9"]
[EventCountry "VIE"]
[SourceTitle "CBM 211 Extra"]
[Source "ChessBase"]
[SourceDate "2023.01.31"]
[SourceVersion "1"]
[SourceVersionDate "2023.01.31"]
[SourceQuality "1"]

1. d4 Nf6 2. c4 e6 3. Bf4 Bb4+ 4. Nd2 0-0 5. a3 Bxd2+ 6. Qxd2 b6 7. Nf3 Bb7 8. e3 d6 9. Bd3 Nbd7 10. Qc2 Qe7 11. Bg5 h6 12. Bh4 c5 13. Be2 cxd4 14. Nxd4 Ne5 15. f3 Rfc8 16. Qa4 Ng6 17. Bf2 d5 18. cxd5 Nxd5 19. g3 a6 20. e4 Nf6 21. 0-0 Ne5 22. Qb4 Qxb4 23. axb4 b5 24. Be1 Nc4 25. Bc3 Nb6 26. Nb3 Na4 27. Bd4 Nd7 28. Rfc1 e5 29. Be3 Rxc1+ 30. Rxc1 Rc8 31. Rd1 Rc7 32. Rd2 Kf8 33. Kf2 Ke7 34. h4 Ke6 35. Na5 Ke7 36. Bd3 Ba8 37. g4 Nab6 38. Rd1 Na4 39. Rb1 Nab6 40. Ke2 Nc8 41. Nb3 Na7 42. Nc5 Nc6 43. Nxa6 Rc8 44. Bxb5 Nd4+ 45. Bxd4 exd4 46. Bxd7 Kxd7 47. Kd3 Bc6 48. Nc5+ Kd6 49. Kxd4 Rb8 50. Kc3 Bb5 51. Rd1+ Ke7 52. f4 Ra8 53. g5 hxg5 54. hxg5 Rh8 55. Ra1 Rh4 56. Ra7+ Ke8 57. Nb7 Rh3+ 58. Kd4 Rd3+ 59. Kc5 Bd7 60. Nd6+ Ke7 61. Nf5+ 1-0

[Event "Eastern Asia-ch U14"]
[Site "Tornelo INT"]
[Date "2021.10.31"]
[Round "9"]
[White "Dang, Anh Minh"]
[Black "Jin, Yueheng"]
[Result "0-1"]
[WhiteElo "1765"]
[BlackElo "1598"]
[PlyCount "88"]
[EventDate "2021.10.29"]
[EventType "swiss"]
[EventRounds "9"]
[EventCountry "NET"]
[SourceTitle "EXT 2023"]
[Source "ChessBase"]
[SourceDate "2022.10.05"]
[SourceVersion "1"]
[SourceVersionDate "2022.10.05"]
[SourceQuality "1"]

1. d4 d5 2. c4 e6 3. Nc3 Be7 4. Nf3 Nf6 5. Bg5 h6 6. Bh4 0-0 7. cxd5 Nxd5 8. Bxe7 Qxe7 9. e3 Nxc3 10. bxc3 b6 11. Be2 Bb7 12. 0-0 Nd7 13. a4 c5 14. Qb3 Rab8 15. a5 b5 16. a6 Bd5 17. Qb2 Rb6 18. dxc5 Nxc5 19. Nd4 Rfb8 20. f3 e5 21. Nf5 Qf6 22. e4 Be6 23. Ne3 Qg5 24. Nd5 Bxd5 25. exd5 Nxa6 26. Qc1 Qe7 27. Qe3 Nc5 28. Rfd1 a6 29. Bf1 Qd6 30. Ra2 Nd7 31. h3 Rc8 32. Rb2 Rc5 33. Bd3 Rb8 34. Be4 Nb6 35. Ra2 Na4 36. Rd3 Rbc8 37. Ra3 Nb2 38. Rb3 Nxd3 39. Qxd3 g6 40. g4 Kg7 41. Qd2 Qc7 42. d6 Rd8 43. Qxh6+ Kxh6 44. dxc7 Rxc7 0-1

[Event "Eastern Asia-ch U14"]
[Site "Tornelo INT"]
[Date "2021.10.29"]
[Round "2"]
[White "Krishnan, Ritvik"]
[Black "Dang, Anh Minh"]
[Result "0-1"]
[WhiteElo "1346"]
[BlackElo "1765"]
[PlyCount "54"]
[EventDate "2021.10.29"]
[EventType "swiss"]
[EventRounds "9"]
[EventCountry "NET"]
[SourceTitle "EXT 2023"]
[Source "ChessBase"]
[SourceDate "2022.10.05"]
[SourceVersion "1"]
[SourceVersionDate "2022.10.05"]
[SourceQuality "1"]

1. e4 c5 2. Nf3 d6 3. d4 cxd4 4. Nxd4 Nf6 5. Nc3 a6 6. h3 e5 7. Nde2 Be7 8. g4 Be6 9. Bg2 Nbd7 10. 0-0 0-0 11. Ng3 Rc8 12. Kh2 b5 13. a3 Nb6 14. f4 exf4 15. Bxf4 d5 16. Nf5 Bxf5 17. exf5 Bd6 18. Qf3 Nc4 19. g5 Nd2 20. Qf2 Nxf1+ 21. Rxf1 Ne4 22. Nxe4 dxe4 23. Bxe4 Rc4 24. Re1 Re8 25. Qf3 Bxf4+ 26. Qxf4 Qe7 27. f6 Rxe4 0-1

[Event "VIE-ch"]
[Site "Ho Chi Minh City"]
[Date "2021.03.29"]
[Round "8"]
[White "Nguyen, Hoang Nam2222"]
[Black "Dang, Anh Minh"]
[Result "0-1"]
[WhiteElo "2200"]
[BlackElo "2014"]
[PlyCount "126"]
[EventDate "2021.03.24"]
[EventType "swiss"]
[EventRounds "9"]
[EventCountry "VIE"]
[SourceTitle "EXT 2022"]
[Source "ChessBase"]
[SourceDate "2021.10.06"]
[SourceVersion "1"]
[SourceVersionDate "2021.10.06"]
[SourceQuality "1"]

1. d4 Nf6 2. c4 e6 3. Nf3 Bb4+ 4. Nbd2 0-0 5. g3 b6 6. Bg2 Bb7 7. 0-0 Bxd2 8. Qxd2 d6 9. b3 Nbd7 10. Bb2 Qe7 11. a3 Rfe8 12. Qe3 Be4 13. Rac1 c6 14. Rfe1 Rac8 15. Bf1 d5 16. Nd2 Bg6 17. f3 c5 18. cxd5 Nxd5 19. Qf2 cxd4 20. Qxd4 f6 21. e4 Nc7 22. Rc3 Red8 23. Rec1 Nc5 24. Qe3 e5 25. a4 Qd7 26. R3c2 Bf7 27. Nc4 N7e6 28. Bh3 Qd3 29. Rc3 Qxe3+ 30. Nxe3 Rb8 31. Nd5 Nd4 32. Bf1 Bxd5 33. exd5 Ndxb3 34. Rd1 Nd4 35. Ra3 Nc2 36. Rc3 Nd4 37. Ra3 Nf5 38. Bc1 a5 39. Kf2 Kf8 40. f4 e4 41. g4 Ne7 42. Bc4 Rb7 43. Rh3 h6 44. g5 Nf5 45. gxf6 gxf6 46. Bb5 Rh7 47. Ba3 Nd6 48. Rc3 Nxb5 49. axb5 Rc7 50. Ke3 f5 51. Kd4 Kf7 52. Bxc5 Rdc8 53. Ke5 Rxc5 54. Rg3 Re8+ 55. Kxf5 e3 56. Kg4 e2 57. Re1 Rxd5 58. Rg2 Rg8+ 59. Kf3 Rxg2 60. Kxg2 Rd2 61. Kf2 a4 62. Rc1 a3 63. Ke3 Rc2 0-1